000 00828nam a2200229Ii 4500
003 JO-AjNU
008 230605s9999||||xx |||||||||||||| ||und||
017 _a2003/18721
020 _a977-305-605-8
040 _aJO-AjNU
_bara
_erda
_cJO-AjNU
041 _aara
050 1 4 _aBP80.S89.A3.2003
100 3 _aالسيوطي، جلال الدين؛ تحقيق سارتين، اليزابيث ماري؛ تقديم الغباري، عوض ,
_eauthor
_937840
245 0 0 _aكتاب التحدث بنعمة الله
264 3 1 _aد.م:الهيئة العامة لقصور الثقافة ، 2003
300 _a390ص
336 _atext
_btxt
_2rdacontent
337 _aunmediated
_bn
_2rdamedia
338 _avolume
_bnc
_2rdacarrier
490 0 _aذخائر 106
650 4 _aالعلماء المسلمون-تراجم
_937841
999 _aA15848
_c19416
_d19416